00458nam a2200145 i 450000100060000000300090000600500170001500700030003200800410003510000200007624501060009626000460020230000310024885200330027945419ES-MaACL20230906161220.0t|030326s1968 sp ||||1| spa d1 aColl, Baltasar.10aFiesta del almendro en flor b: 1968, discurso del mantenedor : memoria del acto / c[Baltasar Coll]. aPalma : b[s.n., c1968] (fImp. Alcover) a20 p., 6 lám. ; c23 cm. aES-MaACLj2068-F-1 bR.69305